KOHA-Header-6

Corporate Laws & Secretarial Practices (Record no. 10106)

000 -LEADER
fixed length control field 00278nam a2200109Ia 4500
100 ## - MAIN ENTRY--AUTHOR NAME
Personal name Nazir Ahmed Shaheen
245 #0 - TITLE STATEMENT
Title Corporate Laws & Secretarial Practices
260 ## - PUBLICATION, DISTRIBUTION, ETC. (IMPRINT)
Place of publication India
Name of publisher S. Chand
Year of publication 2007
300 ## - PHYSICAL DESCRIPTION
Number of Pages 250
942 ## - ADDED ENTRY ELEMENTS (KOHA)
Koha item type Books
Holdings
Withdrawn status Lost status Collection code Permanent Location Current Location Shelving location Date acquired Full call number Accession Number Koha item type
    Law MAJU MAJU Shelf No.A46 2019-09-14 614.8 6210 Law

Powered by Koha